Words / (Record no. 185870)

000 -LEADER
fixed length control field 00936 a2200205 4500
003 - CONTROL NUMBER IDENTIFIER
control field Nust
005 - DATE AND TIME OF LATEST TRANSACTION
control field 20230310110145.0
010 ## - LIBRARY OF CONGRESS CONTROL NUMBER
LC control number 80024846
020 ## - INTERNATIONAL STANDARD BOOK NUMBER
International Standard Book Number 0913232602 (pbk.) :
040 ## - CATALOGING SOURCE
Transcribing agency Nust
082 00 - DEWEY DECIMAL CLASSIFICATION NUMBER
Classification number 372.4144,WOR
245 00 - TITLE STATEMENT
Title Words /
Statement of responsibility, etc. edited by Mark Soppeland.
260 ## - PUBLICATION, DISTRIBUTION, ETC.
Place of publication, distribution, etc. Los Altos, Calif. :
Name of publisher, distributor, etc. W. Kaufmann,
Date of publication, distribution, etc. c1980.
300 ## - PHYSICAL DESCRIPTION
Extent vi, 146 p. :
Other physical details chiefly ill. ;
Dimensions 17 x 25 cm.
505 ## - FORMATTED CONTENTS NOTE
Formatted contents note Words about Words: Their Nature and Manipulation (Page-1), Words that Characterize The Status of Things (Page-19), Words of Substance: the Material World (Page-43), World in our Midst: Food, Clothing, and Every day Object (Page-61) Words that Live: Plants, Animals and People (Page-79), Words of Action and Changes (Page-99), A grab Bag of Words : Morning to Night (Page-125).
650 #0 - SUBJECT ADDED ENTRY--TOPICAL TERM
Topical term or geographic name entry element Decoration and ornament.
9 (RLIN) 32790
650 #0 - SUBJECT ADDED ENTRY--TOPICAL TERM
Topical term or geographic name entry element Words in art.
9 (RLIN) 110136
700 1# - ADDED ENTRY--PERSONAL NAME
Personal name Soppeland, Mark,
Dates associated with a name 1952-
9 (RLIN) 110137
942 ## - ADDED ENTRY ELEMENTS (KOHA)
Source of classification or shelving scheme
Koha item type Book
Holdings
Withdrawn status Lost status Source of classification or shelving scheme Damaged status Not for loan Permanent Location Current Location Shelving location Date acquired Full call number Barcode Date last seen Price effective from Koha item type Public note
          Military College of Signals (MCS) Military College of Signals (MCS) General Stacks 12/12/2016 745.4144,WOR MCS20643 12/08/2016 12/12/2016 Book Almirah No.81, Shelf No.5
          Military College of Signals (MCS) Military College of Signals (MCS) General Stacks 12/12/2016 372.4144,WOR MCS20644 12/08/2016 12/12/2016 Book Almirah No.74, Shelf No.3
          Military College of Signals (MCS) Military College of Signals (MCS) General Stacks 12/12/2016 372.4144,WOR MCS20645 12/08/2016 12/12/2016 Book Almirah No.74, Shelf No.3
© 2023 Central Library, National University of Sciences and Technology. All Rights Reserved.